[Event "Brasschaat op 10th"]
[Site "Brasschaat"]
[Date "2010.08.14"]
[Round "1"]
[White "Van Hecke, Patrick"]
[Black "Colijn, Stefan"]
[Result "0-1"]
[WhiteElo "1650"]
[BlackElo "2174"]
[PlyCount "90"]
[EventDate "2010.08.14"]
[EventType "swiss"]
[EventRounds "9"]
[EventCountry "BEL"]
[SourceTitle "CBM 138 Extra"]
[Source "ChessBase"]
[SourceDate "2010.10.29"]
[SourceVersion "1"]
[SourceVersionDate "2010.10.29"]
[SourceQuality "1"]

1. e4 g6 2. Nc3 c6 3. d4 d5 4. e5 Bg7 5. Nf3 Nh6 6. Bd3 Na6 7. 0-0 Nc7 8. Bd2 Bg4 9. h3 Be6 10. Ne2 Qd7 11. Nf4 Bf5 12. Qe2 e6 13. Bb4 b6 14. a4 Bf8 15. Qd2 c5 16. dxc5 bxc5 17. Ba3 c4 18. Bxf8 Rxf8 19. Be2 Ng8 20. Nd4 f6 21. Nxf5 fxe5 22. Nxd5 exd5 23. Ne3 Nf6 24. Qa5 Kf7 25. Rad1 Qc6 26. b4 Kg7 27. b5 Qc5 28. Ng4 Nxg4 29. Bxg4 a6 30. Qe1 Rfe8 31. Bd7 Re7 32. Bc6 Rb8 33. Qd2 axb5 34. axb5 d4 35. Qa5 Nxb5 36. Be4 c3 37. Qa6 Nd6 38. Qd3 Qb5 39. f3 Qxd3 40. Bxd3 Nf5 41. Rb1 Rbb7 42. Rxb7 Rxb7 43. Bxf5 gxf5 44. Kf2 Rb2 45. Rc1 d3 0-1